William Faulkner

Сохранить в:
Библиографические подробности
Главный автор: Millgate, Michael
Формат:
Язык:Undetermined
Опубликовано: Barcelona, España Barral Editores 1972
Предметы:
Метки: Добавить метку
Нет меток, Требуется 1-ая метка записи!

MARC

LEADER 00000nam a2200000Ia 4500
008 170316s9999 xx 000 0 und d
040 |a cru BVZT 
090 |a 810 M-48w 
100 |a Millgate, Michael 
245 |a William Faulkner 
260 |a Barcelona, España 
260 |b Barral Editores 
260 |c 1972 
300 |a 460 páginas 
650 |a LITERATURA ESTADOUNIDENSE 
999 |c 5953  |d 5953 
942 |c 15 D  |h 810 M-48w  |2 z